000 00509nam a2200193Ia 4500
001 25393
003 IN-NITTTR
005 20251114233322.0
008 251113s9999||||xx |||||||||||||| ||eng||
040 _beng
040 _cIN-NITTTR
041 _aeng
082 _a510.0246 S72E
100 _aSundaram V., Balasubramanian
245 0 _aEngineering mathematics. /
_cSundaram V., Balasubramanian, R., Lakshminarayanan, K. A.
700 _a K. A.,
700 _a R., Lakshminarayanan
942 _2ddc
_cBK
999 _c28022
_d28022